Conferencia Internacional sobre refugiados centroamericanos (CIREFCA) / ACNUR
Se analiza un documento adoptado como referencia por la Conferencia Internacional sobre Refugiados Centroamericanos (CIREFCA), en donde se recopiló y desarrolló el marco jurídico del derecho de los refugiados y de los derechos aplicables a otras poblaciones desarraigadas, teniendo debida cuenta de l...
Na minha lista:
| Formato: | Texto |
|---|---|
| Assuntos: | |
| Tags: |
Adicionar Tag
Sem tags, seja o primeiro a adicionar uma tag!
|
MARC
| LEADER | 00000 a a2200000 04500 | ||
|---|---|---|---|
| 001 | 16358 | ||
| 003 | |||
| 040 | |||
| 245 | |a Conferencia Internacional sobre refugiados centroamericanos (CIREFCA) / ACNUR | ||
| 520 | |a Se analiza un documento adoptado como referencia por la Conferencia Internacional sobre Refugiados Centroamericanos (CIREFCA), en donde se recopiló y desarrolló el marco jurídico del derecho de los refugiados y de los derechos aplicables a otras poblaciones desarraigadas, teniendo debida cuenta de las particularidades de la región centroamericana. Se analizan las normas y prácticas relativas a los refugiados en los instrumentos internacionales que las desarrollan, así como su aplicación interna. También se consideró el concepto de refugiado |a la figura del asilo y los principios de protección |a las soluciones duraderas a los problemas de los refugiados así como de los desplazados internos |a el papel y la función de las organizaciones no gubernamentales |a la vinculación del derecho de los refugiados con los derechos humanos y el derecho humanitario, así como la difusión de estos conceptos. Además el documento sirvió de base para reiterar y convalidar los conceptos enunciados en la Declaración de Cartagena de Indias de 1984. HB/HMBQ | ||
| 650 | |a REFUGIADOS | ||
| 650 | |a CONFERENCIAS | ||
| 650 | |a PERSONAS DESPLAZADAS | ||
| 650 | |a ORGANIZACIONES NO GUBERNAMENTALES | ||
| 650 | |a DERECHOS HUMANOS | ||
| 773 | |g número 20; páginas 473-508 | ||
| 999 | |c 33195 |d 33195 | ||
